Dialekt 2.0
| Titel: | Dialekt 2.0 : Langfassungen : 7. Kongress der Internationalen Gesellschaft für Dialektologie und Geolinguistik (SIDG) = Dialect 2.0 : long papers : 7. Congress of the International Society for Dialectology and Geolinguistics (SIDG) / herausgegeben von Eveline Wandl-Vogt & Amelie Dorn |
|---|---|
| Beteiligt: | ; |
| Körperschaft: | |
| Veröffentlicht: | Wien : Praesens Verlag, 2017 |
| Umfang: | 331 Seiten : Illustrationen, Karten ; 24 cm |
| Format: | Buch |
| Sprache: | Deutsch; Englisch |
| ISBN: | 9783706909624 ; 3706909626 |
| Hinweise zum Inhalt: |
Inhaltsverzeichnis
|
alg: 41632480 001A $06000:07-09-17 001B $01999:01-12-25 $t17:19:26.000 001D $00030:09-10-17 001U $0utf8 001X $00 002@ $0Aau 002C $aText $btxt $2rdacontent 002D $aohne Hilfsmittel zu benutzen $bn $2rdamedia 002E $aBand $bnc $2rdacarrier 003@ $0416324800 003O $01003209458 $aOCoLC 004A $A978-3-7069-0962-4 $fBroschur : EUR 37.00 (DE), EUR 38.00 (AT) 004A $03-7069-0962-6 004K $09783706909624 006G $01133505074 006H $0TOCNEUA1736 $2DNB 006T $017,N24 006U $017,A36 $f20170606 007A $01133505074 $aDNB 007G $0DE006CA0DA419DC3C1740C12581B8003A8FEE 009P $qapplication/pdf $A2 $3Inhaltsverzeichnis $uhttps://scans.hebis.de/HEBCGI/show.pl?41632480_toc.pdf $mV:DE-603;B:DE-30 010@ $ager $aeng 010E $erda 011@ $a2017 $n2017 013D $RWissenschaftliche Literatur $RAufsatzsammlung $#Konferenzbericht $71071861417 $8Konferenzschrift [Tsz] $9359646190 $y2012 $zWien 017A $asf 021A $aDialekt 2.0 $dLangfassungen : 7. Kongress der Internationalen Gesellschaft für Dialektologie und Geolinguistik (SIDG) $fDialect 2.0 $flong papers : 7. Congress of the International Society for Dialectology and Geolinguistics (SIDG) $hherausgegeben von Eveline Wandl-Vogt & Amelie Dorn 028C $BHerausgeber $#Vogt, Eveline Wandl- $4edt $D20220215 $Ecgwrk $71158994222 $8Wandl-Vogt, Eveline$Z1969- [Tp3] $9430757069 028C $BHerausgeber $4edt $D20220215 $Ecgwrk $71158864523 $8Dorn, Amelie [Tp6] $9430629532 029A $BVerfasser $#Internationale Gesellschaft für Dialektologie und Geolinguistik, Kongress, Wien 2012 7. $#Congress of the International Society for Dialectology and Geolinguistics, Wien 2012 7. $#Kongress der Internationalen Gesellschaft für Dialektologie und Geolinguistik, Wien 2012 7. $#VIIth Congress of the International Society for Dialectology and Geolinguistics $#7. Kongress der Internationalen Gesellschaft für Dialektologie und Geolinguistik $4aut $71084641607 $8International Society for Dialectology and Geolinguistics$bCongress$n7.$d2012$cWien [Tf1] $9371429757 033A $pWien $01065229615 $nPraesens Verlag 034D $a331 Seiten 034I $a24 cm 034M $aIllustrationen, Karten 044K $qDNB $RRegionalsprache $#Dialects $#Régionalismes (linguistique) $#Dialetti $#Dialekt Linguistik $#Regiolekt $#Mundarten $74040725-1 $8Mundart [Ts1] $9085111333 045E $c400 045F $a417.2 $eDDC22ger 045F/01 $a417.2 045W $805.02$jKongresse/Workshops [Tkv] $9133070018 lok: 41632480 3 101B $009-10-17 $t09:44:59.000 101C $009-10-17 101U $0utf8 145S/01 $a711 exp: 41632480 3 1 #EPN 201B/01 $009-10-17 $t09:44:59.000 201C/01 $020-09-17 201U/01 $0utf8 203@/01 $01007579706 208@/01 $a09-10-17 $bzAa 209A/01 $a90.878.05 $du $f000 $h90 878 05 $x00 209G/01 $a90878050 $x00 247C/01 $8601000-3 <30>Frankfurt, Universitätsbibliothek J. C. Senckenberg, Zentralbibliothek (ZB) $9102598258 lok: 41632480 25 exp: 41632480 25 1 #EPN 201B/01 $010-01-23 $t18:53:54.000 201C/01 $006-12-19 201U/01 $0utf8 203@/01 $01072147262 208@/01 $a05-02-20 $bzic 209A/01 $aE 30 - D 10 $dd $f070 $x00 209C/01 $a20/42-1 Germanistik 209G/01 $a77639797 $x00 209G/01 $aGermanistik $x01 247C/01 $8651070-x <77/070>Mainz, Universität Mainz, Bereichsbibliothek Philosophicum, Standorte Germanistik I / Kulturanthropologie und Germanistik II $9102600198 lok: 41632480 64 101B $009-11-17 $t09:42:21.000 101C $009-11-17 101U $0utf8 144Z/01 $av @Kongress der Internationalen Gesellschaft für Dialektologie und Geolinguistik <7, 2012> ; Wien ; 23.07.2012-28.07.2012 exp: 41632480 64 1 #EPN 201B/01 $009-11-17 $t09:42:21.000 201C/01 $009-11-17 201U/01 $0utf8 203@/01 $01011443155 208@/01 $a09-11-17 $be 209A/01 $a0 $f000 $x00 209B/01 $a43 $x05 247C/01 $8Frankfurt, Bibliographie Linguistischer Literatur $9129368261 lok: 41632480 78 exp: 41632480 78 1 #EPN 201B/01 $026-02-19 $t22:05:19.000 201C/01 $026-02-19 203@/01 $01046523392 208@/01 $a26-02-19 $bdo 201U/01 $0utf8
| LEADER | 00000cam a2200000 c 4500 | ||
|---|---|---|---|
| 001 | 416324800 | ||
| 003 | DE-603 | ||
| 005 | 20251201171926.0 | ||
| 007 | tu | ||
| 008 | 170907s2017 xx |||| | u10||u|ger | ||
| 015 | |a 17,A36 |z 17,N24 |2 dnb | ||
| 016 | 7 | |2 DE-101 |a 1133505074 | |
| 020 | |a 9783706909624 |c Broschur : EUR 37.00 (DE), EUR 38.00 (AT) | ||
| 020 | |a 3706909626 | ||
| 024 | 3 | |a 9783706909624 | |
| 035 | |a (DE-599)DNB1133505074 | ||
| 035 | |a (OCoLC)1003209458 | ||
| 040 | |a DE-603 |b ger |c DE-603 |d DE-603 |e rda | ||
| 041 | |a ger |a eng | ||
| 082 | 0 | 4 | |8 1\u |a 417.2 |q DE-101 |2 22/ger |
| 084 | |a 400 |q DE-101 |2 sdnb | ||
| 085 | |8 1\u |b 417.2 | ||
| 090 | |a b | ||
| 111 | 2 | |a International Society for Dialectology and Geolinguistics |e Congress |n 7. |d 2012 |c Wien |j Verfasser |4 aut |0 (DE-603)371429757 |0 (DE-588)1084641607 |2 gnd | |
| 245 | 0 | 0 | |a Dialekt 2.0 |b Langfassungen : 7. Kongress der Internationalen Gesellschaft für Dialektologie und Geolinguistik (SIDG) = Dialect 2.0 : long papers : 7. Congress of the International Society for Dialectology and Geolinguistics (SIDG) |c herausgegeben von Eveline Wandl-Vogt & Amelie Dorn |
| 264 | 1 | |a Wien |b Praesens Verlag |c 2017 | |
| 300 | |a 331 Seiten |b Illustrationen, Karten |c 24 cm | ||
| 336 | |a Text |b txt |2 rdacontent | ||
| 337 | |a ohne Hilfsmittel zu benutzen |b n |2 rdamedia | ||
| 338 | |a Band |b nc |2 rdacarrier | ||
| 650 | 7 | |a Mundart |0 (DE-588)4040725-1 |0 (DE-603)085111333 |2 gnd | |
| 655 | 7 | |a Konferenzschrift |y 2012 |z Wien |2 gnd-content |0 (DE-588)1071861417 |0 (DE-603)359646190 | |
| 700 | 1 | |a Wandl-Vogt, Eveline |d 1969- |e Herausgeber |4 edt |0 (DE-603)430757069 |0 (DE-588)1158994222 |2 gnd | |
| 700 | 1 | |a Dorn, Amelie |e Herausgeber |4 edt |0 (DE-603)430629532 |0 (DE-588)1158864523 |2 gnd | |
| 856 | 4 | 2 | |m V:DE-603;B:DE-30 |q application/pdf |u https://scans.hebis.de/HEBCGI/show.pl?41632480_toc.pdf |3 Inhaltsverzeichnis |
| 924 | 0 | |9 30 |a (DE-603)1007579706 |b DE-30 |c HES |d c |g 90.878.05 | |
| 924 | 0 | |9 77/070 |a (DE-603)1072147262 |b DE-77-070 |c HES |d d |g E 30 - D 10 | |
| 924 | 0 | |9 603 |a (DE-603)1011443155 |b DE-603 |c HES |d d | |
| 924 | 0 | |9 603 |a (DE-603)1046523392 |b DE-603 |c HES |d d | |


